| 000 | 01184nam a2200301Ia 4500 | ||
|---|---|---|---|
| 003 | OSt | ||
| 005 | 20221007125313.0 | ||
| 006 | a|||||r|||| 00| 0 | ||
| 007 | ta | ||
| 008 | 221006b |||||||| |||| 00| 0 eng d | ||
| 020 |
_a0306462451 (pbk) _cEuro 54.00 |
||
| 024 | _a8723 | ||
| 037 |
_bEducational, _cTextual |
||
| 040 |
_aCDL _cCDL _beng |
||
| 041 |
_2eng _aeng |
||
| 082 | _aE5, M3;P0.2;1 | ||
| 100 |
_aCarey Francis A _9615084 |
||
| 245 | 0 |
_aAdvanced organic chemistry by Francis A Carey and Richard J Sundberg _b Sundberg Richard J |
|
| 250 | _aEd 4 | ||
| 260 |
_aNew _bYork Kluwer Academic/Plenum Publishers _c2001 |
||
| 490 | _vPart B: Reactions and synthesis (xii,965p) | ||
| 500 | _aBibliographical references 923-946p; Index 947-965p; ^n23/CSL/CARC/2001-2002/535^d2001-11-15^mPurchase; ; 2001-2002/379^b2001-12-12^cEBA/273/2001-02^d2001-12-15^eRs.2,090.00^fEducationalBook Agency (India); ; 2002-01-28^bSB^c2002-05-22^dRPS | ||
| 650 | _a Organic | ||
| 650 | _aChemistry | ||
| 700 |
_a Sundberg Richard J _9615085 |
||
| 942 |
_hE5, M3;P0.2;1 _cTEXL _2CC |
||
| 999 |
_c1215047 _d1215047 |
||